000 00653pam a2200253 a 4500
001 1492451
003 NUST
005 20220306111027.0
008 880606s1988 nyua 000 1 eng
010 _a 88013194
020 _a0688084257
038 _awaseem
040 _aDLC
_cDLC
_dDLC
050 0 0 _aPR6069.T46
_bT47 1988
082 0 0 _a823.914
_bSTE
100 1 _aStewart, Mary,
_d1916-2014.
_990325
245 1 0 _aThornyhold /
_cMary Stewart.
250 _a1st U.S. ed.
260 _aNew York :
_bMorrow,
_cc1988.
300 _a188 p. :
_c21 cm.
563 _aHBK.
906 _a7
_bcbc
_corignew
_d1
_eocip
_f19
_gy-gencatlg
942 _2ddc
_cBK
999 _c588603
_d588603